Score 0/24 Timer 04:00
4 Plays Today
Clue 3-Letter Homophone % Correct
Beatles song, '___ Jude'HAY
97.1%
Watery part of milkWAY
93.4%
Find out how heavy something isWAY
93.4%
Religious songHIM
83.6%
Square root of sixteenFOR
82%
2,000 poundsTUN
79.3%
FinishedDUN
77.4%
'Mad Men' actor John ___HAM
77.3%
Earth's starSON
73%
Sudden overthrow of a governmentCOO
66.5%
Captain Kirk's nemesis or Genghis, e.g.CON
64.1%
M*A*S*H actor Jamie ___FAR
64%
Clue 3-Letter Homophone % Correct
At a great altitudeHIE
57.6%
Which thingWAT
50.5%
Mixture of flour and fat for making a sauceROO
48.5%
Pushes shirt bottoms into pantsTUX
48.3%
Slang for excellent or clothing company ___ FarmFAT
46%
Large burlap bagsSAX
44.1%
Hair style or social eventDUE
40.9%
Strike with an axeHUE
38.7%
Zig-zags a sailboatTAX
38.7%
PunchesSOX
38.4%
Not genuineFOE
35.7%
Objects or people arranged in a straight lineROE
34.2%

Today's Daily Dose

Word Ladder
Silence

Get the Picture
Philly Team Facts

You're not logged in!

Compare scores with friends on all Sporcle quizzes.
OR
Log In

Sporcle TV

Today on Sporcle TV


Watch our educational content, quiz creation guides, and fun videos on Sporcle TV.

Show Comments

Extras

Top Quizzes Today


Score Distribution

Your Account Isn't Verified!

In order to create a playlist on Sporcle, you need to verify the email address you used during registration. Go to your Sporcle Settings to finish the process.

Report this User

Report this user for behavior that violates our Community Guidelines.

Details: